Venezuela: la révolution chaviste et la rébellion permanente: segunda parte /

Đã lưu trong:
Chi tiết về thư mục
Tác giả chính: Langue, Frédérique
Định dạng: Texto
Những chủ đề:
Các nhãn: Thêm thẻ
Không có thẻ, Là người đầu tiên thẻ bản ghi này!

MARC

LEADER 00000 a a2200000 04500
001 8975
003
040
100 |a Langue, Frédérique  
245 |a Venezuela:   |b la révolution chaviste et la rébellion permanente: segunda parte /  |c Frédérique Langue 
500 |a Primera parte en: L' ORDINAIRE LATINO AMERICAIN, número 186. NA 18678.02  
650 |a GOLPES DE ESTADO  
650 |a RELACIONES GOBIERNO FUERZAS ARMADAS  
650 |a DESARROLLO POLITICO  
650 |a CAMBIO SOCIAL  
650 |a IDEOLOGIAS POLITICAS  
650 |a REVOLUCION  
773 |g número 187; páginas 3-59  
999 |c 33119  |d 33119